000 00556nam a2200217 a 4500
003 Co-PeBPM
005 20250923233906.0
008 231129s0 ||||xx |||||||||||||| ||spa||
040 _bspa
_aCo-PeBPM
_cCo-PeBPM
_eRDA
082 _a232.961 E74j
100 _aEscobar López, Ignacio
_eAutor
245 0 _aJudas
260 _c195
264 _aEditorial Santafé (Bogotá)
300 _a200 páginas;
_c21cms
500 _aIncluye índice
505 _aIncluye índice
650 1 4 _2LEMB
_aEvangelio
650 1 4 _2LEMB
_aApostol
942 _2ddc
_cBK
_n0
999 _c16218
_d16218